00296 a2200109 450000100060000008200160000610000300002224500550005226000460010730000100015350000230016390332 a297.217 GHA aGhazi Uzair Mubarak Poori aJado Ki HaqiqatbJinoo Aur Shaitano ki dunyahUrdu aIslamabadbDarus Salam Publicationsc2013 a395p. aGeneral Collection